01477agaaa2200301 45000010005000000030009000050050017000140070009000310080040000400400023000800410013001031000048001161300017001642450148001812500022003292600129003513000035004805080165005155110059006805200089007395380009008285460013008376500069008507000068009197000060009877000062010477000066011090987IT-RoPAU20220918181225.0d cvaizq50131s9999||||xx ||| | || ||und|| aIT-RoPAUcIT-RoPAU aITALIANO aPalella OrestegCodice regista SPICS: 29826 aIO, CATERINA aIO, CATERINAcSceneggiatura: Palella Oreste Pecchioli Arrigo -- Diretto da: Palella OrestepIO, CATERINA (Rif. Codice opera principale : V0987) aEdizione Standard a(ITALIA)bARCIERE FILM - ARENA CINEMATOGRAFICA / Distribuzione: SPF FIRENZEg"1957 (1° ed.: 1993 ; Ed. Lingua Orig.: 1957)" a16MMbsonoro, col.c117 minuti a"Fotografia: Pallottini Riccardo; Musica: Bonsignore Leopoldo Perez; Sceneggiatura: Palella Oreste Pecchioli Arrigo; Soggetto: Palella Oreste -- Pecchio Arrigo" a"Visconti Nora; Lulli Folco; Celano Guido; Renzi Pina" aFILM A COLORI. PELLICOLA IN BUONO STATO. PER LA TRAMA VEDI VIDEOCASSETTA:9960/85278. aMONO aITALIANO aBIOGRAFICOePELLICOLE CINEMA [16 MM]xCodice MATERIA SPICS: 9955 aBonsignore Leopoldo Pereze(musica)gCodice Musica SPICS: 29829 aPalella Oreste e(regista)gCodice regista SPICS: 29826 aPalella Oreste e(soggetto)gCodice Soggetto SPICS: 29826 aPecchio Arrigo e(soggetto)gCodice Soggetto 2° SPICS: 29828